[Event "Bodenmais op"]
[Site "Bodenmais"]
[Date "2022.08.07"]
[Round "9"]
[White "Godoj, Veit"]
[Black "Westphal, Norbert"]
[Result "1/2-1/2"]
[WhiteElo "1943"]
[BlackElo "2037"]
[PlyCount "77"]
[EventDate "2022.07.30"]
[EventType "swiss"]
[EventRounds "9"]
[EventCountry "GER"]
[SourceTitle "CBM 209 Extra"]
[Source "ChessBase"]
[SourceDate "2022.09.30"]
[SourceVersion "1"]
[SourceVersionDate "2022.09.30"]
[SourceQuality "1"]

1. d4 Nf6 2. Nf3 e6 3. e3 b6 4. Bd3 Bb7 5. Nbd2 c5 6. b3 cxd4 7. exd4 Bd6 8. 0-0 Nc6 9. a3 0-0 10. Bb2 Re8 11. Re1 Ne7 12. c4 Ng6 13. g3 Be7 14. Ne5 Nf8 15. Rc1 d6 16. Nef3 a5 17. Qe2 N8d7 18. Ng5 Ra7 19. Nge4 Qa8 20. Nc3 Qd8 21. Nb5 Ra8 22. Ne4 Nxe4 23. Bxe4 Bxe4 24. Qxe4 Nf6 25. Qf3 Qd7 26. d5 e5 27. Kg2 Rec8 28. h3 Ne8 29. Qe3 Qd8 30. Rc2 Rcb8 31. f4 f6 32. f5 Nc7 33. Nxc7 Qxc7 34. a4 Qc5 35. Qc1 Ra7 36. Re4 Qc8 37. g4 Kf7 38. Rf2 Ke8 39. Kf3 1/2-1/2

[Event "Bodenmais op"]
[Site "Bodenmais"]
[Date "2022.08.04"]
[Round "6"]
[White "Migl, Dieter"]
[Black "Godoj, Veit"]
[Result "1/2-1/2"]
[WhiteElo "2140"]
[BlackElo "1943"]
[PlyCount "106"]
[EventDate "2022.07.30"]
[EventType "swiss"]
[EventRounds "9"]
[EventCountry "GER"]
[SourceTitle "CBM 209 Extra"]
[Source "ChessBase"]
[SourceDate "2022.09.30"]
[SourceVersion "1"]
[SourceVersionDate "2022.09.30"]
[SourceQuality "1"]

1. e4 c6 2. c4 d5 3. exd5 cxd5 4. cxd5 Nf6 5. Qa4+ Bd7 6. Qb3 Bc8 7. Nc3 Nbd7 8. Bc4 Nb6 9. d3 g6 10. Nf3 Bg7 11. 0-0 0-0 12. h3 Re8 13. Bf4 h6 14. Rfe1 g5 15. Bh2 Bf5 16. Rac1 Rc8 17. Ne5 Nfd7 18. Nxd7 Bxd7 19. d6 Nxc4 20. dxe7 Rxe7 21. dxc4 Be6 22. Nd5 Rd7 23. Rcd1 Rc6 24. Be5 Bxe5 25. Rxe5 Rcd6 26. Rde1 Kg7 27. Qc3 Kh7 28. Qf3 Kg7 29. Qe3 b6 30. Qa3 Qc8 31. Qc3 Kg6 32. Qd3+ Kg7 33. Qd4 Kg6 34. Qe4+ Kg7 35. b3 Qd8 36. Ne3 Rd4 37. Nf5+ Bxf5 38. Qxf5 Qf6 39. Qxf6+ Kxf6 40. R5e2 h5 41. f3 a5 42. Re4 Rxe4 43. Rxe4 Rd2 44. h4 Rxa2 45. hxg5+ Kxg5 46. Re5+ f5 47. Rb5 Rb2 48. Kh2 h4 49. Kh3 Rb1 50. g4 hxg3 51. Kxg3 Rg1+ 52. Kf2 Rb1 53. Kg3 Rg1+ 1/2-1/2

[Event "Berlin Werner Ott op"]
[Site "Berlin"]
[Date "2022.07.11"]
[Round "3"]
[White "Tedesco, Gennaro"]
[Black "Godoj, Veit"]
[Result "1-0"]
[WhiteElo "1722"]
[BlackElo "1943"]
[PlyCount "106"]
[EventDate "2022.07.09"]
[EventType "swiss"]
[EventRounds "9"]
[EventCountry "GER"]
[SourceTitle "CBM 209 Extra"]
[Source "ChessBase"]
[SourceDate "2022.09.30"]
[SourceVersion "1"]
[SourceVersionDate "2022.09.30"]
[SourceQuality "1"]

1. c4 g6 2. g3 Bg7 3. Bg2 c5 4. Nc3 Nc6 5. Nf3 d6 6. 0-0 e5 7. a3 a5 8. Ne1 Nge7 9. d3 0-0 10. Nc2 Be6 11. Ne3 Rb8 12. Ned5 Nd4 13. e3 Ndc6 14. Rb1 b6 15. Bd2 Bf5 16. e4 Be6 17. f4 Qd7 18. Qa4 Qd8 19. f5 gxf5 20. exf5 Bxf5 21. Rxf5 Nxf5 22. Qxc6 Nd4 23. Qc7 f5 24. Qxd8 Rfxd8 25. Bg5 Rd7 26. Rf1 h6 27. Bxh6 b5 28. cxb5 Nxb5 29. Bxg7 Kxg7 30. Rxf5 Nd4 31. Rf2 Rdb7 32. Na4 Rb3 33. Ndc3 Rd8 34. Bd5 Rbb8 35. Ne4 Rf8 36. Rxf8 Rxf8 37. Ng5 Rf6 38. Nc3 Kh6 39. Nce4 Rf8 40. Nf7+ Kg7 41. Nexd6 Rb8 42. Nc4 Kf6 43. Nfxe5 Re8 44. Nd7+ Kg5 45. h4+ Kh6 46. Nce5 Nf5 47. Ng4+ Kg7 48. Kf2 Rc8 49. h5 Rc7 50. Nde5 Ne7 51. h6+ Kf8 52. Be4 Kg8 53. Nf6+ Kh8 1-0

[Event "Berlin Lieb Memorial 5th"]
[Site "Berlin"]
[Date "2019.06.07"]
[Round "5"]
[White "Prey, Thomas"]
[Black "Godoj, Veit"]
[Result "1/2-1/2"]
[WhiteElo "1743"]
[BlackElo "1995"]
[PlyCount "40"]
[EventDate "2019.05.03"]
[EventType "swiss"]
[EventRounds "7"]
[EventCountry "GER"]
[SourceTitle "EXT 2020"]
[Source "ChessBase"]
[SourceDate "2019.10.17"]
[SourceVersion "1"]
[SourceVersionDate "2019.10.17"]
[SourceQuality "1"]

1. e4 d5 2. exd5 Nf6 3. Bc4 Nxd5 4. Ne2 Nb6 5. Bb3 c5 6. a3 Nc6 7. Nbc3 Nd4 8. Nxd4 cxd4 9. Ne4 e5 10. Qh5 Qe7 11. d3 g6 12. Qf3 f5 13. Ng5 Bg7 14. Bd2 a5 15. Bf7+ Kd8 16. Bb3 Kc7 17. Qg3 f4 18. Qf3 Qxg5 19. c4 Bg4 20. Qe4 Qf5 1/2-1/2

[Event "Berlin Lieb Memorial 5th"]
[Site "Berlin"]
[Date "2019.05.24"]
[Round "4"]
[White "Godoj, Veit"]
[Black "Kumar, Amod"]
[Result "1/2-1/2"]
[WhiteElo "1995"]
[BlackElo "1769"]
[PlyCount "65"]
[EventDate "2019.05.03"]
[EventType "swiss"]
[EventRounds "7"]
[EventCountry "GER"]
[SourceTitle "EXT 2020"]
[Source "ChessBase"]
[SourceDate "2019.10.17"]
[SourceVersion "1"]
[SourceVersionDate "2019.10.17"]
[SourceQuality "1"]

1. d4 Nf6 2. Nc3 g6 3. e4 d6 4. Be2 Bg7 5. g4 0-0 6. g5 Ne8 7. Be3 c6 8. a4 d5 9. Nf3 dxe4 10. Nxe4 Bf5 11. Ng3 Bh3 12. Qd2 Nc7 13. Bf1 Bg4 14. Bg2 Ne6 15. c3 Nc7 16. h3 Be6 17. h4 Nd5 18. h5 Nxe3 19. Qxe3 Bd5 20. 0-0 Nd7 21. Rfd1 Nb6 22. h6 Bh8 23. Re1 Re8 24. Ne5 f6 25. Nf3 Nc4 26. Qe2 Nd6 27. Rac1 Bc4 28. Qc2 Qb6 29. Nd2 Bf7 30. b4 fxg5 31. a5 Qb5 32. Nf3 Nf5 33. Ne5 1/2-1/2

[Event "Berlin Lieb Memorial 5th"]
[Site "Berlin"]
[Date "2019.05.17"]
[Round "3"]
[White "Glinzer, Christoph"]
[Black "Godoj, Veit"]
[Result "1-0"]
[WhiteElo "2136"]
[BlackElo "1995"]
[PlyCount "71"]
[EventDate "2019.05.03"]
[EventType "swiss"]
[EventRounds "7"]
[EventCountry "GER"]
[SourceTitle "EXT 2020"]
[Source "ChessBase"]
[SourceDate "2019.10.17"]
[SourceVersion "1"]
[SourceVersionDate "2019.10.17"]
[SourceQuality "1"]

1. e4 c6 2. d4 d5 3. Nc3 dxe4 4. Nxe4 Nf6 5. Ng3 e5 6. dxe5 Qxd1+ 7. Kxd1 Ng4 8. Nh3 Nxe5 9. f4 Bg4+ 10. Be2 Bxe2+ 11. Kxe2 Ned7 12. Re1 h6 13. Kf3+ Kd8 14. Bd2 Na6 15. Rad1 Kc7 16. Bc3 Nac5 17. Nf5 Ne6 18. Nf2 Rd8 19. Ne4 Rh7 20. Nfd6 g6 21. Nc4 Bg7 22. Bxg7 Rxg7 23. Rd6 Rgg8 24. Red1 Nb6 25. Rxd8 Rxd8 26. Rxd8 Nxd8 27. Ne5 Nc8 28. g4 Ne7 29. h4 Nd5 30. c4 Ne7 31. Ng3 Kd6 32. h5 Ke6 33. g5 hxg5 34. h6 g4+ 35. Kf2 f5 36. h7 1-0

[Event "Berlin Eckbauer op 21st"]
[Site "Berlin"]
[Date "2018.11.26"]
[Round "7"]
[White "Godoj, Veit"]
[Black "Hoppe, Frank"]
[Result "1/2-1/2"]
[WhiteElo "2009"]
[BlackElo "2014"]
[PlyCount "55"]
[EventDate "2018.10.08"]
[EventType "swiss"]
[EventRounds "7"]
[EventCountry "GER"]
[SourceTitle "CBM 189 Extra"]
[Source "ChessBase"]
[SourceDate "2019.06.03"]
[SourceVersion "1"]
[SourceVersionDate "2019.06.03"]
[SourceQuality "1"]

1. d4 Nf6 2. Nf3 g6 3. Nc3 d5 4. Bf4 c6 5. e3 Bg7 6. Be2 0-0 7. Ne5 Nbd7 8. h4 Nxe5 9. Bxe5 Qb6 10. a3 Ne4 11. Bxg7 Nxc3 12. bxc3 Kxg7 13. Rb1 Qc7 14. h5 e5 15. dxe5 Qxe5 16. Qd4 Qxd4 17. cxd4 b6 18. Kd2 f5 19. hxg6 hxg6 20. g3 Bd7 21. Rh4 Rh8 22. Rbh1 Rxh4 23. Rxh4 Rh8 24. Rxh8 Kxh8 25. Bf3 Kg7 26. Kc3 Kf7 27. Kb4 Ke7 28. Bg2 1/2-1/2

[Event "Arber op 7th"]
[Site "Bodenmais"]
[Date "2018.08.03"]
[Round "7"]
[White "Godoj, Veit"]
[Black "Bensch, Patrick"]
[Result "0-1"]
[WhiteElo "2017"]
[BlackElo "2197"]
[PlyCount "78"]
[EventDate "2018.07.28"]
[EventType "swiss"]
[EventRounds "9"]
[EventCountry "GER"]
[SourceTitle "CBM 185 Extra"]
[Source "ChessBase"]
[SourceDate "2018.07.29"]
[SourceVersion "1"]
[SourceVersionDate "2018.07.29"]
[SourceQuality "1"]

1. d4 Nf6 2. Nc3 d5 3. Bg5 c5 4. e3 Nc6 5. Bxf6 gxf6 6. Nf3 Rg8 7. a3 c4 8. h3 Be6 9. g3 Qd7 10. b3 cxb3 11. cxb3 Bf5 12. g4 Bg6 13. b4 e6 14. Nh4 Rc8 15. Nxg6 fxg6 16. Qb3 Bd6 17. Bg2 Kf8 18. Nxd5 exd5 19. Bxd5 Nxd4 20. exd4 Re8+ 21. Kf1 Rg7 22. Kg2 Rge7 23. Qf3 Kg7 24. h4 Re2 25. h5 Bf4 26. Bc4 R2e4 27. hxg6 h6 28. Rad1 Bg5 29. Rh3 Rf4 30. Qd3 Qc6+ 31. Kg1 Rxg4+ 32. Rg3 Rxg3+ 33. fxg3 Re3 34. Qf1 Rxg3+ 35. Kh2 Bf4 36. d5 Qd7 37. Rd4 Rh3+ 38. Kg1 Qg4+ 39. Qg2 Rg3 0-1

[Event "Arber op 7th"]
[Site "Bodenmais"]
[Date "2018.08.01"]
[Round "5"]
[White "Godoj, Veit"]
[Black "Neumann, Lutz"]
[Result "1-0"]
[WhiteElo "2017"]
[BlackElo "1815"]
[PlyCount "133"]
[EventDate "2018.07.28"]
[EventType "swiss"]
[EventRounds "9"]
[EventCountry "GER"]
[SourceTitle "CBM 185 Extra"]
[Source "ChessBase"]
[SourceDate "2018.07.29"]
[SourceVersion "1"]
[SourceVersionDate "2018.07.29"]
[SourceQuality "1"]

1. d4 d5 2. e3 Nf6 3. Bd3 c6 4. Nd2 Bg4 5. f3 Bh5 6. Ne2 Nbd7 7. Nf4 Bg6 8. Nxg6 hxg6 9. f4 e6 10. 0-0 Bd6 11. c4 Qe7 12. c5 Bc7 13. b4 b5 14. a4 bxa4 15. Rxa4 a5 16. Nb3 Qd8 17. bxa5 Bxa5 18. Nxa5 Rxa5 19. Bd2 Ra8 20. h3 Ke7 21. Qc2 Qc7 22. Rfa1 Rxa4 23. Rxa4 Rb8 24. g4 Qb7 25. Rb4 Qa7 26. Rxb8 Nxb8 27. Qb1 Nfd7 28. g5 Qa3 29. Bb4 Qa4 30. Bc3 Qa3 31. Qb2 Qa4 32. Qd2 Qa3 33. Kf2 Qa4 34. Ba5 Qb3 35. h4 Qb7 36. Qe2 Qa7 37. Qa2 Qb7 38. Qb1 Qa7 39. Qa2 Qb7 40. Ke1 Ke8 41. Kd2 Ke7 42. Kc3 Ke8 43. Bb4 Ke7 44. Qa5 Ke8 45. Qa1 Ke7 46. Be2 Ke8 47. Ba5 Ke7 48. Bd3 Ke8 49. e4 dxe4 50. Bxe4 Ke7 51. Bd3 Ke8 52. Qa3 Nf8 53. Qb4 Qxb4+ 54. Kxb4 Kd7 55. Bb6 Kc8 56. Ka5 Kb7 57. Bd8 Nbd7 58. Be7 f5 59. Bd6 Nh7 60. Ba6+ Ka7 61. Bc8 Nhf8 62. Kb4 Ka8 63. Ka4 Ka7 64. Ka5 Ka8 65. Ka6 Nb8+ 66. Kb6 e5 67. Bb7# 1-0

[Event "Berlin Eckbauer op 20th"]
[Site "Berlin"]
[Date "2017.10.23"]
[Round "3"]
[White "Kohler, Thomas"]
[Black "Godoj, Veit"]
[Result "1/2-1/2"]
[WhiteElo "2147"]
[BlackElo "2017"]
[PlyCount "46"]
[EventDate "2017.10.09"]
[EventType "swiss"]
[EventRounds "7"]
[EventCountry "GER"]
[SourceTitle "CBM 189 Extra"]
[Source "ChessBase"]
[SourceDate "2019.06.03"]
[SourceVersion "1"]
[SourceVersionDate "2019.06.03"]
[SourceQuality "1"]

1. Nf3 e6 2. g3 d5 3. Bg2 c6 4. 0-0 Bd6 5. d3 Nf6 6. c4 0-0 7. Nc3 Nbd7 8. Qc2 dxc4 9. dxc4 Qe7 10. b3 Re8 11. Bb2 e5 12. Rad1 h6 13. Nh4 Nf8 14. Nf5 Bxf5 15. Qxf5 Ba3 16. Ba1 Bc5 17. e3 g6 18. Qc2 Rad8 19. Na4 Bd6 20. Rd2 Bc7 21. Rfd1 Rxd2 22. Rxd2 N8d7 23. Qb2 Bd6 1/2-1/2

[Event "Berlin Lieb Memorial 1st"]
[Site "Berlin"]
[Date "2015.06.25"]
[Round "6"]
[White "Godoj, Veit"]
[Black "Albrecht, Rainer"]
[Result "1/2-1/2"]
[WhiteElo "1999"]
[BlackElo "2100"]
[PlyCount "51"]
[EventDate "2015.05.21"]
[EventType "swiss"]
[EventRounds "7"]
[EventCountry "GER"]
[SourceTitle "EXT 2022"]
[Source "ChessBase"]
[SourceDate "2021.10.06"]
[SourceVersion "1"]
[SourceVersionDate "2021.10.06"]
[SourceQuality "1"]

1. e4 e6 2. d4 d5 3. Nc3 Nf6 4. Bg5 Bb4 5. e5 h6 6. Bd2 Bxc3 7. bxc3 Ne4 8. Bd3 Nxd2 9. Qxd2 c5 10. f4 Qa5 11. Nf3 Nc6 12. Rd1 c4 13. Be2 Qxa2 14. 0-0 Qa3 15. Nh4 Qe7 16. g3 g6 17. Ng2 h5 18. Ne3 b5 19. Bf3 Rb8 20. Bxd5 exd5 21. Nxd5 Qd8 22. Nf6+ Kf8 23. d5 Qb6+ 24. Rf2 Kg7 25. dxc6 Qxc6 26. Qd6 1/2-1/2

[Event "Berlin-ch QT"]
[Site "Berlin"]
[Date "2015.04.10"]
[Round "8"]
[White "Godoj, Veit"]
[Black "Gelman, Josef"]
[Result "1/2-1/2"]
[WhiteElo "2009"]
[BlackElo "1689"]
[PlyCount "61"]
[EventDate "2015.04.03"]
[EventType "swiss"]
[EventRounds "9"]
[EventCountry "GER"]
[SourceTitle "EXT 2022"]
[Source "ChessBase"]
[SourceDate "2021.10.06"]
[SourceVersion "1"]
[SourceVersionDate "2021.10.06"]
[SourceQuality "1"]

1. d4 d5 2. Nf3 c6 3. e3 Bf5 4. c4 e6 5. Nc3 Nf6 6. Be2 Nbd7 7. Nh4 Bg6 8. 0-0 Bd6 9. a3 Ne4 10. Nxg6 Bxh2+ 11. Kh1 hxg6 12. Bg4 Bg3+ 13. Bh3 Nxf2+ 14. Rxf2 Bxf2 15. Qf3 Qf6 16. cxd5 Qxf3 17. gxf3 cxd5 18. Kg2 Be1 19. Nb5 Ba5 20. Nd6+ Ke7 21. Nxb7 Bb6 22. Bd2 Rac8 23. Bb4+ Kf6 24. Bc3 Rb8 25. Nc5 Ke7 26. b4 Rh7 27. Rh1 Rbh8 28. Nd3 Rc8 29. Nc5 Rch8 30. Nd3 Rc8 31. Nc5 1/2-1/2

[Event "Berlin-ch QT"]
[Site "Berlin"]
[Date "2015.04.05"]
[Round "3"]
[White "Schleicher, Janek"]
[Black "Godoj, Veit"]
[Result "1-0"]
[WhiteElo "2031"]
[BlackElo "2009"]
[PlyCount "75"]
[EventDate "2015.04.03"]
[EventType "swiss"]
[EventRounds "9"]
[EventCountry "GER"]
[SourceTitle "EXT 2022"]
[Source "ChessBase"]
[SourceDate "2021.10.06"]
[SourceVersion "1"]
[SourceVersionDate "2021.10.06"]
[SourceQuality "1"]

1. d4 Nf6 2. Bg5 e6 3. e4 h6 4. Bxf6 Qxf6 5. c3 d5 6. e5 Qd8 7. Bd3 c5 8. f4 Nc6 9. Nf3 Qb6 10. Qb3 Qa5 11. dxc5 Qxc5 12. Ke2 a6 13. Nbd2 Be7 14. g4 Bd8 15. Rae1 b5 16. Qc2 Bb6 17. Kd1 Bd7 18. Nb3 Qe7 19. f5 Rc8 20. Qd2 Kd8 21. Nbd4 Nxd4 22. cxd4 Kc7 23. Kc2 Kb7+ 24. Kb1 Rc7 25. h4 Rcc8 26. Rc1 Rxc1+ 27. Rxc1 Qd8 28. Qf4 Qf8 29. f6 g6 30. Qd2 Ka7 31. b4 Kb7 32. Qb2 Qa8 33. Nd2 h5 34. g5 Rc8 35. Nb3 Rxc1+ 36. Qxc1 Qc8 37. Qxc8+ Kxc8 38. Bxg6 1-0

[Event "Berlin Eckbauer op 17th"]
[Site "Berlin"]
[Date "2014.10.13"]
[Round "2"]
[White "Landt, Stefan"]
[Black "Godoj, Veit"]
[Result "0-1"]
[WhiteElo "1927"]
[BlackElo "2009"]
[PlyCount "84"]
[EventDate "2014.10.06"]
[EventType "swiss"]
[EventRounds "7"]
[EventCountry "GER"]
[SourceTitle "EXT 2022"]
[Source "ChessBase"]
[SourceDate "2021.10.06"]
[SourceVersion "1"]
[SourceVersionDate "2021.10.06"]
[SourceQuality "1"]

1. d4 d5 2. c4 c6 3. Nc3 e6 4. Nf3 dxc4 5. a4 Bb4 6. e4 b5 7. Be2 Bb7 8. 0-0 Bxc3 9. bxc3 Ne7 10. Rb1 Ba6 11. Ba3 0-0 12. Ne5 Re8 13. f4 Qa5 14. Bb4 Qc7 15. Bh5 g6 16. f5 Nd7 17. fxg6 fxg6 18. Qg4 Nxe5 19. Qxe6+ Kg7 20. Bd6 Nf5 21. Qxe8 Nxd6 22. Qxe5+ Kh6 23. Rf3 Ne8 24. Qxc7 Nxc7 25. Bg4 bxa4 26. Rf7 Nb5 27. Rc1 a3 28. Bd7 a2 29. Bxc6 Nxc3 30. Rf2 Rb8 31. Ra1 Rb1+ 32. Rf1 Ne2+ 33. Kf2 Rxf1+ 34. Kxf1 Nxd4 35. Bd5 c3+ 36. Ke1 Nc2+ 37. Kd1 Nxa1 38. Bxa2 Bd3 39. e5 Kg7 40. g4 a5 41. g5 a4 42. e6 Kf8 0-1

[Event "Berlin Eckbauer op 16th"]
[Site "Berlin"]
[Date "2013.11.18"]
[Round "7"]
[White "Oginski, Ulrich"]
[Black "Godoj, Veit"]
[Result "0-1"]
[WhiteElo "1869"]
[BlackElo "2045"]
[PlyCount "124"]
[EventDate "2013.10.07"]
[EventType "swiss"]
[EventRounds "7"]
[EventCountry "GER"]
[SourceTitle "EXT 2022"]
[Source "ChessBase"]
[SourceDate "2021.10.06"]
[SourceVersion "1"]
[SourceVersionDate "2021.10.06"]
[SourceQuality "1"]

1. d4 d5 2. Nf3 e6 3. c4 c6 4. Qc2 Nd7 5. Bg5 Ngf6 6. e3 Bb4+ 7. Nbd2 Qa5 8. cxd5 exd5 9. Bd3 0-0 10. 0-0 Bd6 11. Bh4 Re8 12. a3 Qc7 13. Rac1 h6 14. b4 a6 15. e4 dxe4 16. Nxe4 Nxe4 17. Bxe4 Nb6 18. d5 f5 19. Bxf5 Bxf5 20. Qxf5 Nxd5 21. Bg3 Bxg3 22. hxg3 Qf7 23. Qc2 Re7 24. Rfe1 Rae8 25. Qd2 Qf6 26. Rxe7 Rxe7 27. a4 Re4 28. b5 Rxa4 29. bxc6 bxc6 30. Qc2 Ra1 31. Rxa1 Qxa1+ 32. Kh2 Qc3 33. Qe2 Nf6 34. Qxa6 Qc5 35. Qa2+ Qd5 36. Qxd5+ cxd5 37. Nd4 Kf7 38. f3 Ne8 39. Kg1 Kf6 40. Kf2 Nd6 41. Ke3 Nf5+ 42. Nxf5 Kxf5 43. g4+ Ke5 44. f4+ Ke6 45. Kd4 Kd6 46. g5 hxg5 47. fxg5 g6 48. Kd3 Ke5 49. Ke3 d4+ 50. Kd3 Kd5 51. Kd2 Ke4 52. Ke2 d3+ 53. Kd2 Kd4 54. Kd1 Ke3 55. Ke1 d2+ 56. Kd1 Kd3 57. g3 Ke3 58. g4 Kf4 59. Kxd2 Kxg5 60. Ke3 Kxg4 61. Kf2 Kh3 62. Kg1 g5 0-1

[Event "Berlin Eckbauer op 16th"]
[Site "Berlin"]
[Date "2013.10.28"]
[Round "4"]
[White "Mayer, Herbert"]
[Black "Godoj, Veit"]
[Result "0-1"]
[WhiteElo "1981"]
[BlackElo "2045"]
[PlyCount "102"]
[EventDate "2013.10.07"]
[EventType "swiss"]
[EventRounds "7"]
[EventCountry "GER"]
[SourceTitle "EXT 2022"]
[Source "ChessBase"]
[SourceDate "2021.10.06"]
[SourceVersion "1"]
[SourceVersionDate "2021.10.06"]
[SourceQuality "1"]

1. b3 d5 2. f4 e6 3. Bb2 f5 4. Nf3 Nf6 5. e3 Be7 6. Be2 0-0 7. 0-0 c6 8. Ne5 Nbd7 9. d3 Nxe5 10. fxe5 Nd7 11. Qe1 Bh4 12. g3 Bg5 13. Bf3 Qb6 14. d4 Qd8 15. Nd2 b6 16. c4 Bb7 17. Rc1 Rc8 18. Rf2 Bh6 19. Nf1 Qe7 20. Rcc2 g6 21. b4 dxc4 22. Rxc4 b5 23. Rcc2 Nb6 24. a3 Qd7 25. Bc1 Rfd8 26. Nd2 Nd5 27. Nb3 Qe7 28. e4 fxe4 29. Bxe4 Bxc1 30. Qxc1 Kg7 31. Bxd5 Rxd5 32. Qe3 Rf8 33. Nc5 Bc8 34. Ne4 Rdd8 35. Rxf8 Rxf8 36. Rxc6 Bb7 37. Rc2 Bxe4 38. Qxe4 a5 39. Rc5 axb4 40. axb4 Qa7 41. Qe1 Rd8 42. Qc3 Rd7 43. Rxb5 Qa4 44. Ra5 Qd1+ 45. Kg2 Qe2+ 46. Kh3 Qf1+ 47. Kh4 Qf2 48. Kh3 Rxd4 49. Ra1 Rd2 50. Rh1 Qf5+ 51. g4 Rd3+ 0-1